| 000 | 00786nam a22002771 4500 | ||
|---|---|---|---|
| 001 | 01136953 | ||
| 003 | DO-SdBNP | ||
| 005 | 20180206145945.0 | ||
| 007 | 01136953 | ||
| 008 | 930725s 1976 mx spa | ||
| 016 | 7 |
_a _z _2BPMSU |
|
| 035 | _a | ||
| 040 |
_aBPMSU _bspa _cBPMSU |
||
| 080 | 0 | _a | |
| 092 |
_axxxxx _bxxxxx |
||
| 100 | 1 |
_aMandino, Og _d1923-1996 |
|
| 240 | 1 | 0 |
_aThe greatest secret in the world. _lEspañol |
| 245 | 1 | 3 |
_aEl secreto mas grande del mundo / _cOg Mandino ; traductor Benjamín E. Mercado. _h |
| 250 | _a13ª reimp. | ||
| 260 |
_aMéxico : _bDiana, _c1976 |
||
| 300 |
_a123 p. ; _c20 cm |
||
| 700 | 1 | 2 |
_aMercado, Benjamín E., _etr. |
| 942 |
_2ddc _cBK |
||
| 945 | _aInventariado, 2018 / BT | ||
| 956 |
_aLOPEREZ _b10 _c20160630 _dBPMSU _f00041 |
||
| 999 |
_c10641 _d10641 |
||